000
00327nam a2200121Ia 4500
008
240719s9999 xx 000 0 und d
041
_a
eng
082
_a
300.72 BAR
100
_a
Baranov, David
245
_a
Conceptual Foundations Of Social Research Methods
260
_a
New Delhi
_b
Routledge
_c
2005
300
_a
190;. P. 23 Cm
999
_c
41144
_d
41144